000 00830nas a2200253 4500
001 BR0800884
003 BR-BrBNA
005 20231205111615.0
007 ta
008 230509b bl.|||p| |||| 00| 00por d
040 _aBR-BrBNA
_bpor
_cBiblioteca Nacional de Agricultura
041 _a(Pt)
072 _aL53
100 1 _aPinto, N.F.
100 1 _aLobo, R.N.B.
245 1 _aUtilização do teste hipo-osmótico para determinação da integridade de membrana plasmática do sêmen equino a fresco e resfriado por diferentes períodos
650 _aEQUINO
650 _aSÊMEN
650 _aMEMBRANA
650 _aMOVIMENTO
773 0 _tRevista Brasileira de Reprodução Animal (Brazil)
_xISSN 0102-0803
_g(1997), v. 21(3) p. 133-135
_wBR0800884
909 _a202311
_bLúcia
_c55
_dLúcia Elande
942 _2AGRIS
_n0
_cANA
999 _c193504
_d193504